000 01053cam a2200229 4500
001 ABS67095
008 031002n2003 000 0 eng u
035 _a(Sirsi) u123808
100 _aKocabas, A.
245 _aHandling earthquake threat
260 _c2003
490 _aPlanning (for the Natural and Built Environment)
_v(1537) 20 September 2003, 16(1)
520 _aConsiders the Izmut earthquake which struck Istanbul on the 17 August 1999 and subsequent research into neighbourhood regeneration projects to improve buildings that are at risk of further damage from earthquakes. There is high probability that another earthquake will hit the region with devastating consequences. Dramatic population increases and poorly constructed and designed buildings mean that large areas of the city are at risk.
590 _aABS
650 _aISTANBUL
650 _aEARTHQUAKES
650 _aREGENERATION
650 _aRENEWAL
690 _aENVIRONMENTAL AND LAND CONSULTANCY-PLANNING AND DEVELOPMENT
700 _aGibson, M.
942 _n0
999 _c73527
_d73527